Normal view
MARC view
- SAT (Educational test)
Entry Topical Term
001 - CONTROL NUMBER
- control field: 29358
003 - CONTROL NUMBER IDENTIFIER
- control field: NUST
005 - DATE AND TIME OF LATEST TRANSACTION
- control field: 20200817111956.0
008 - FIXED-LENGTH DATA ELEMENTS
- fixed length control field: 200817|| aca||aabn | a|a d
040 ## - CATALOGING SOURCE
- Original cataloging agency: NUST
- Transcribing agency: NUST
150 ## - HEADING--TOPICAL TERM
- Topical term or geographic name entry element: SAT (Educational test)
670 ## - SOURCE DATA FOUND
- Source citation: Work cat.: (NUST)0: Caputo, Christine. 29354, McGraw-Hill's 10 SAT math level 2 practice tests /, c2012.
